|
|
|
|
| LEADER |
01614nam a2200505 a 4500 |
| 001 |
nkc20122269859 |
| 003 |
CZ PrNK |
| 005 |
20120321085445.0 |
| 007 |
ta |
| 008 |
120224s2012 xr a e f 001 0 cze |
| 015 |
|
|
|a cnb002269859
|
| 020 |
|
|
|a 978-80-260-1433-1
|q (brož.)
|
| 035 |
|
|
|a (OCoLC)791313127
|
| 040 |
|
|
|a ABA001
|b cze
|
| 072 |
|
7 |
|a 642
|x Číšnictví. Servírování
|2 Konspekt
|9 19
|
| 080 |
|
|
|a 642.09
|2 MRF
|
| 080 |
|
|
|a 642.63
|2 MRF
|
| 080 |
|
|
|a 642.6/.7
|2 MRF
|
| 080 |
|
|
|a 392.81
|2 MRF
|
| 080 |
|
|
|a (035)
|2 MRF
|
| 080 |
|
|
|a (083.12)
|2 MRF
|
| 100 |
1 |
|
|a Pinka, Karel,
|d 1922-2013
|7 jn20000401989
|4 aut
|
| 245 |
1 |
0 |
|a Úspěšný hostitel /
|c Karel Pinka, Alice Pinková
|
| 250 |
|
|
|a 2., upr. vyd.
|
| 260 |
|
|
|a Praha :
|b HaM,
|c 2012
|
| 300 |
|
|
|a 106 s. :
|b barev. il. ;
|c 30 cm
|
| 500 |
|
|
|a Obsahuje rejstřík
|
| 650 |
0 |
7 |
|a menu
|7 ph437928
|2 czenas
|
| 650 |
0 |
7 |
|a podávání jídel
|7 ph139300
|2 czenas
|
| 650 |
0 |
7 |
|a stolničení
|7 ph126113
|2 czenas
|
| 650 |
0 |
7 |
|a stolování
|7 ph126117
|2 czenas
|
| 650 |
0 |
9 |
|a menu
|2 eczenas
|
| 650 |
0 |
9 |
|a food serving
|2 eczenas
|
| 650 |
0 |
9 |
|a table setting
|2 eczenas
|
| 650 |
0 |
9 |
|a table etiquette
|2 eczenas
|
| 655 |
|
7 |
|a příručky
|7 fd133209
|2 czenas
|
| 655 |
|
7 |
|a kuchařské recepty
|7 fd132687
|2 czenas
|
| 655 |
|
9 |
|a handbooks and manuals
|2 eczenas
|
| 655 |
|
9 |
|a cookbooks
|2 eczenas
|
| 700 |
1 |
|
|a Pinková, Alice,
|d 1926-2001
|7 jx20040212023
|4 aut
|
| 910 |
2 |
|
|a BOA001
|b 4-1282.206
|
| 990 |
|
|
|a BK
|
| 995 |
|
|
|a 01
|
| 991 |
|
|
|b 201203
|c NOV
|e n
|
| 996 |
6 |
|
|b 2610503861
|c 4-1282.206
|l MZK
|r Sklad / do 1 hodiny
|n 1
|p p.v.
|w 001229982
|u 000010
|a 1
|e BOA001
|j MZK50
|s P
|